[Event "Heusenstamm Sparkassen op-B 6th"]
[Site "Heusenstamm"]
[Date "2019.11.24"]
[Round "6"]
[White "Piepenhagen, Eric"]
[Black "Richter, Johannes"]
[Result "1-0"]
[WhiteElo "1581"]
[BlackElo "1348"]
[PlyCount "63"]
[EventDate "2019.11.21"]
[EventType "swiss"]
[EventRounds "7"]
[EventCountry "GER"]
[SourceTitle "CBM 194 Extra"]
[Source "ChessBase"]
[SourceDate "2020.03.31"]
[SourceVersion "1"]
[SourceVersionDate "2020.03.31"]
[SourceQuality "1"]

1. b4 d5 2. Bb2 Nf6 3. Nf3 g6 4. e3 Bg7 5. c4 c6 6. b5 dxc4 7. Bxc4 0-0 8. 0-0 cxb5 9. Bxb5 a6 10. Be2 Nc6 11. Nc3 b5 12. Qc2 Nb4 13. Qb3 Nd3 14. Nd4 Nxb2 15. Qxb2 Bb7 16. a4 e5 17. Nf3 Nd5 18. axb5 Nxc3 19. dxc3 Qb6 20. Rab1 f5 21. Qb3+ Kh8 22. c4 Be4 23. Rbc1 Rfc8 24. Nd2 Bb7 25. bxa6 Qxa6 26. Rb1 Rab8 27. Qb5 Qd6 28. Qb4 Qc6 29. Nf3 Qc7 30. Qb6 Qe7 31. Rfd1 Rc6 32. Qa7 1-0